| 000 | 00993cam a2200301 i 4500 | ||
|---|---|---|---|
| 001 | 65994 | ||
| 003 | Mx-PuUPA | ||
| 005 | 20250422155038.0 | ||
| 008 | 160824s2005 mx r 000 0 spa d | ||
| 020 | _a9789685208550 | ||
| 040 |
_aMx-PuUPA _bspa _cMx-PuUPA _dMx-PuUPA _erda |
||
| 041 | 0 | _aspa | |
| 100 | 1 |
_aRulfo, Juan, _d1917-1986 _eautor _9467 |
|
| 245 | 1 | 0 |
_aPedro Páramo / _cJuan Rulfo |
| 264 | 1 |
_aMéxico : _bEditorial RM ; Fundación Juan Rulfo, _c2005 |
|
| 300 |
_a132 páginas ; _c21 cm |
||
| 336 |
_atexto _2rdacontent _btxt |
||
| 337 |
_asin medio _2rdamedia _bn |
||
| 338 |
_avolumen _2rdacarrier _bnc |
||
| 650 | 7 |
_2armarc _aNovela mexicana _ySiglo XX |
|
| 650 | 7 |
_2armarc _aPadres e hijos _xNovela |
|
| 650 | 7 |
_2armarc _aRelaciones hombre-mujer _xNovela |
|
| 650 | 7 |
_2armarc _avida familiar _xNovela |
|
| 942 |
_2ddc _cLI _h863 _iR945 |
||
| 999 |
_c65994 _d65994 |
||